00695 2200241 4500001002100000005001500021035002000036007000300056008004100059020002200100082001600122084002200138100001800160245004300178250000900221260007300230300003100303650003900334650002700373856001900400990001700419990001700436INLIS00000000000002520250710113855 a0010-0725000025ta250710 a 0 ind  a978-623-472-155-3 a398.209 598 a398.209 598 TOR f0 aTorkono, Edem1 aFoto Pertama Keluarga /cEdem Torkorno a2024 aJakarta :bBadan Pengembangan dan Pembinaan Bahasa,cCetakan Pertama a20 hlm :bIlus. ;c22,9 cm 4aCerita Anak Indonesia - Terjemahan 4aLiterasi- Bahan Bacaan aTBM AS-SYUHADA aTBM202500030 aTBM202500031